Games From Series With Smash Ultimate Fighters - Statistics

General Stats
  • This quiz has been taken 24 times
    23 since last reset
  • The average score is 147 of 298
Answer Stats
Series Console Release Year Game % Correct
Super Mario NES 1985 Super Mario Bros.
100%
Super Mario Nintendo 64 1996 Super Mario 64
92%
Super Mario NES 1988 Super Mario Bros. 2
92%
Super Mario NES 1988 Super Mario Bros. 3
92%
Super Mario NES 1986 Super Mario Bros.: The Lost Levels
92%
Donkey Kong SNES 1994 Donkey Kong Country
83%
Sonic The Hedgehog Genesis 1991 Sonic The Hedgehog (1991)
83%
Sonic The Hedgehog Xbox 360 2006 Sonic The Hedgehog (2006)
83%
Super Mario Wii 2007 Super Mario Galaxy
83%
Super Mario Switch 2017 Super Mario Odyssey
83%
Super Mario GameCube 2002 Super Mario Sunshine
83%
Super Mario SNES 1990 Super Mario World
83%
The Legend Of Zelda Nintendo 64 2000 The Legend Of Zelda: Majora's Mask
83%
The Legend Of Zelda Nintendo 64 1998 The Legend Of Zelda: Ocarina Of Time
83%
Super Mario Switch 2021 Bowser's Fury
75%
Fire Emblem 3DS 2012 Fire Emblem: Awakening
75%
Metroid NES 1986 Metroid
75%
Super Mario DS 2006 New Super Mario Bros.
75%
Super Mario Wii 2009 New Super Mario Bros. Wii
75%
Sonic The Hedgehog Master System 1992 Sonic The Hedgehog 2
75%
Sonic The Hedgehog Genesis 1994 Sonic The Hedgehog 3
75%
Super Mario Wii U 2013 Super Mario 3D World
75%
Super Mario Wii 2010 Super Mario Galaxy 2
75%
Super Mario Game Boy 1989 Super Mario Land
75%
Tekken Arcade 1994 Tekken
75%
The Legend Of Zelda NES 1986 The Legend Of Zelda
75%
The Legend Of Zelda SNES 1991 The Legend Of Zelda: A Link To The Past
75%
The Legend Of Zelda Wii U 2017 The Legend Of Zelda: Breath Of The Wild
75%
The Legend Of Zelda GBA 2002 The Legend Of Zelda: Four Swords
75%
The Legend Of Zelda Wii 2011 The Legend Of Zelda: Skyward Sword
75%
The Legend Of Zelda GameCube 2002 The Legend Of Zelda: The Wind Waker
75%
The Legend Of Zelda Wii 2006 The Legend Of Zelda: Twilight Princess
75%
The Legend Of Zelda NES 1987 Zelda II: The Adventure Of Link
75%
Arms Switch 2017 Arms
67%
Bayonetta Xbox 360 2009 Bayonetta
67%
Bayonetta Wii U 2014 Bayonetta 2
67%
Castlevania NES 1986 Castlevania (1986)
67%
Castlevania Nintendo 64 1999 Castlevania (1999)
67%
Donkey Kong Nintendo 64 1999 Donkey Kong 64
67%
Duck Hunt NES 1984 Duck Hunt
67%
Final Fantasy NES 1987 Final Fantasy
67%
Final Fantasy NES 1988 Final Fantasy II
67%
Final Fantasy NES 1990 Final Fantasy III
67%
Final Fantasy SNES 1991 Final Fantasy IV
67%
Final Fantasy PlayStation 2000 Final Fantasy IX
67%
Final Fantasy SNES 1992 Final Fantasy V
67%
Final Fantasy SNES 1994 Final Fantasy VI
67%
Final Fantasy PlayStation 1997 Final Fantasy VII
67%
Final Fantasy PlayStation 1999 Final Fantasy VIII
67%
Final Fantasy PS2 2001 Final Fantasy X
67%
Final Fantasy Microsoft Windows 2002 Final Fantasy XI
67%
Final Fantasy PS2 2006 Final Fantasy XII
67%
Final Fantasy PS3 2009 Final Fantasy XIII
67%
Final Fantasy Microsoft Windows 2010 Final Fantasy XIV
67%
Final Fantasy PS4 2016 Final Fantasy XV
67%
Fire Emblem Switch 2019 Fire Emblem: Three Houses
67%
F-Zero SNES 1990 F-Zero
67%
Ice Climber NES 1984 Ice Climber
67%
Kid Icarus NES 1986 Kid Icarus
67%
Kingdom Hearts PS2 2002 Kingdom Hearts
67%
Kingdom Hearts PS2 2005 Kingdom Hearts II
67%
Kingdom Hearts PS4 2019 Kingdom Hearts III
67%
Kirby Game Boy 1992 Kirby's Dream Land
67%
Kirby Wii 2011 Kirby's Return To Dream Land
67%
Mega Man NES 1987 Mega Man
67%
Metal Gear Solid MSX 1987 Metal Gear
67%
Metal Gear Solid PlayStation 1998 Metal Gear Solid
67%
Metroid GameCube 2002 Metroid Prime
67%
Metroid GameCube 2004 Metroid Prime 2: Echoes
67%
Minecraft Microsoft Windows 2011 Minecraft
67%
Super Mario Wii U 2013 New Super Luigi U
67%
Super Mario 3DS 2012 New Super Mario Bros. 2
67%
Super Mario Wii U 2012 New Super Mario Bros. U
67%
Pac-Man Arcade 1980 Pac-Man
67%
Persona PlayStation 2000 Persona 2: Eternal Punishment
67%
Persona PlayStation 1999 Persona 2: Innocent Sin
67%
Persona PS2 2006 Persona 3
67%
Persona PS2 2008 Persona 4
67%
Persona PS3 2016 Persona 5
67%
Pokémon GBC 1999 Pokémon Gold Version/Silver Version
67%
Pokémon Game Boy 1996 Pokémon Red Version/Blue Version
67%
Pokémon 3DS 2013 Pokémon X/Y
67%
Punch-Out!! Arcade 1984 Punch-Out!! (1984)
67%
Punch-Out!! Wii 2009 Punch-Out!! (2009)
67%
Persona PlayStation 1996 Revelations: Persona
67%
Sonic The Hedgehog Genesis 1994 Sonic & Knuckles
67%
Splatoon Wii U 2015 Splatoon
67%
Splatoon Switch 2017 Splatoon 2
67%
Star Fox SNES 1993 Star Fox
67%
Street Fighter Arcade 1987 Street Fighter
67%
Super Mario 3DS 2011 Super Mario 3D Land
67%
Yoshi SNES 1995 Super Mario World 2: Yoshi's Island
67%
Tekken Arcade 1995 Tekken 2
67%
Tekken Arcade 1996 Tekken 3
67%
Tekken Arcade 2001 Tekken 4
67%
Tekken Arcade 2004 Tekken 5
67%
Tekken Arcade 2007 Tekken 6
67%
Tekken Arcade 2015 Tekken 7
67%
The Legend Of Zelda 3DS 2013 The Legend Of Zelda: A Link Between Worlds
67%
Wii Sports Wii 2006 Wii Sports
67%
Xenoblade Chronicles Wii 2010 Xenoblade Chronicles
67%
Xenoblade Chronicles Switch 2017 Xenoblade Chronicles 2
67%
Xenoblade Chronicles Switch 2018 Xenoblade Chronicles 2: Torna - The Golden Country
67%
Animal Crossing Nintendo 64 2001 Animal Crossing
58%
Animal Crossing 3DS 2012 Animal Crossing: New Leaf
58%
Banjo-Kazooie Nintendo 64 1998 Banjo-Kazooie
58%
Castlevania Game Boy 1991 Castlevania II: Belmont's Revenge
58%
Castlevania NES 1989 Castlevania III: Dracula's Curse
58%
Castlevania NES 1987 Castlevania II: Simon's Quest
58%
Donkey Kong Wii 2010 Donkey Kong Country Returns
58%
Donkey Kong Wii U 2014 Donkey Kong Country: Tropical Freeze
58%
Dragon Quest NES 1986 Dragon Quest
58%
Dragon Quest NES 1988 Dragon Quest III: The Seeds Of Salvation
58%
Dragon Quest NES 1987 Dragon Quest II: Luminaries Of The Legendary Line
58%
Dragon Quest NES 1990 Dragon Quest IV: Chapters Of The Chosen
58%
Dragon Quest DS 2009 Dragon Quest IX: Sentinels Of The Starry Skies
58%
Dragon Quest SNES 1992 Dragon Quest V: Hand Of The Heavenly Bride
58%
Dragon Quest PlayStation 2000 Dragon Quest VII: Fragments Of The Forgotten Past
58%
Dragon Quest PS2 2004 Dragon Quest VIII: Journey Of The Cursed King
58%
Dragon Quest SNES 1995 Dragon Quest VI: Realms Of Revelation
58%
Dragon Quest Wii 2012 Dragon Quest X
58%
Dragon Quest Microsoft Windows 2017 Dragon Quest XI: Echoes Of An Elusive Age
58%
EarthBound SNES 1994 EarthBound
58%
EarthBound NES 1989 EarthBound Beginnings
58%
Fatal Fury Neo Geo 1992 Fatal Fury 2
58%
Fatal Fury Neo Geo 1995 Fatal Fury 3: Road To The Final Victory
58%
Fatal Fury Neo Geo 1991 Fatal Fury: King Of Fighters
58%
Kid Icarus 3DS 2013 Kid Icarus: Uprising
58%
Mega Man WiiWare 2010 Mega Man 10
58%
Mega Man Microsoft Windows 2018 Mega Man 11
58%
Mega Man NES 1988 Mega Man 2
58%
Mega Man NES 1990 Mega Man 3
58%
Mega Man NES 1991 Mega Man 4
58%
Mega Man NES 1992 Mega Man 5
58%
Mega Man NES 1993 Mega Man 6
58%
Mega Man SNES 1995 Mega Man 7
58%
Mega Man PlayStation 1996 Mega Man 8
58%
Mega Man WiiWare 2008 Mega Man 9
58%
Metroid Wii 2007 Metroid Prime 3: Corruption
58%
EarthBound GBA 2006 Mother 3
58%
Pikmin GameCube 2001 Pikmin
58%
Pikmin GameCube 2004 Pikmin 2
58%
Pikmin Wii U 2013 Pikmin 3
58%
Pokémon DS 2012 Pokémon Black Version 2/White Version 2
58%
Pokémon DS 2010 Pokémon Black Version/White Version
58%
Pokémon DS 2006 Pokémon Diamond Version/Pearl Version
58%
Pokémon GBA 2002 Pokémon Ruby Version/Sapphire Version
58%
Pokémon 3DS 2016 Pokémon Sun/Moon
58%
Pokémon Switch 2019 Pokémon Sword/Shield
58%
Sonic The Hedgehog XBLA 2010 Sonic The Hedgehog 4: Episode I
58%
Sonic The Hedgehog Microsoft Windows 2012 Sonic The Hedgehog 4: Episode II
58%
Star Fox SNES Classic 2017 Star Fox 2
58%
Star Fox Nintendo 64 1997 Star Fox 64
58%
Street Fighter Arcade 1991 Street Fighter II
58%
Street Fighter Arcade 1997 Street Fighter III
58%
Street Fighter Arcade 2008 Street Fighter IV
58%
Street Fighter Microsoft Windows 2016 Street Fighter V
58%
Super Mario Game Boy 1992 Super Mario Land 2: 6 Golden Coins
58%
The Legend Of Zelda GameCube 2004 The Legend Of Zelda: Four Swords Adventures
58%
The Legend Of Zelda Game Boy 1993 The Legend Of Zelda: Link's Awakening
58%
The Legend Of Zelda GBA 2001 The Legend Of Zelda: Oracle Of Seasons/Ages
58%
The Legend Of Zelda DS 2007 The Legend Of Zelda: Phantom Hourglass
58%
The Legend Of Zelda DS 2009 The Legend Of Zelda: Spirit Tracks
58%
The Legend Of Zelda GBA 2004 The Legend Of Zelda: The Minish Cap
58%
The Legend Of Zelda 3DS 2015 The Legend Of Zelda: Tri Force Heroes
58%
Wii Fit Wii 2007 Wii Fit
58%
Wii Sports Wii 2009 Wii Sports Resort
58%
Yoshi Wii U 2015 Yoshi's Woolly World
58%
Animal Crossing Switch 2020 Animal Crossing: New Horizons
50%
Banjo-Kazooie Nintendo 64 2000 Banjo-Tooie
50%
Donkey Kong Game Boy 1995 Donkey Kong Land
50%
Donkey Kong Game Boy 1996 Donkey Kong Land II
50%
Donkey Kong Game Boy 1997 Donkey Kong Land III
50%
Fire Emblem 3DS 2015 Fire Emblem Fates
50%
Kirby NES 1993 Kirby's Adventure
50%
Kirby Game Boy 1995 Kirby's Dream Land 2
50%
Metal Gear Solid PS2 2001 Metal Gear Solid 2: Sons Of Liberty
50%
Metal Gear Solid PS2 2004 Metal Gear Solid 3: Snake Eater
50%
Metal Gear Solid PS3 2008 Metal Gear Solid 4: Guns Of The Patriots
50%
Metal Gear Solid Xbox 360 2014 Metal Gear Solid V: Ground Zeroes
50%
Metal Gear Solid Microsoft Windows 2015 Metal Gear Solid V: The Phantom Pain
50%
Metroid Game Boy 1991 Metroid II: Return Of Samus
50%
Castlevania SNES 1991 Super Castlevania IV
50%
Metroid SNES 1994 Super Metroid
50%
Wii Fit Wii U 2013 Wii Fit U
50%
Yoshi Switch 2019 Yoshi's Crafted World
50%
F-Zero GameCube 2003 F-Zero GX
42%
Game & Watch Gallery Game Boy 1997 Game & Watch Gallery
42%
Game & Watch Gallery Game Boy 1997 Game & Watch Gallery 2
42%
Game & Watch Gallery GBC 1999 Game & Watch Gallery 3
42%
Game & Watch Gallery GBA 2002 Game & Watch Gallery 4
42%
Kirby Nintendo 64 2000 Kirby 64: The Crystal Shards
42%
Kirby 3DS 2016 Kirby: Planet Robobot
42%
Kirby SNES 1997 Kirby's Dream Land 3
42%
Metal Gear Solid MSX 1990 Metal Gear 2: Solid Snake
42%
Metroid Switch 2021 Metroid Dread
42%
Sonic The Hedgehog Dreamcast 1998 Sonic Adventure
42%
Sonic The Hedgehog Dreamcast 2001 Sonic Adventure 2
42%
Sonic The Hedgehog Microsoft Windows 2017 Sonic Mania
42%
Star Fox Wii U 2016 Star Fox Zero
42%
WarioWare GBA 2003 WarioWare, Inc.: Mega Microgames!
42%
Yoshi Nintendo 64 1997 Yoshi's Story
42%
Animal Crossing Wii 2008 Animal Crossing: City Folk
33%
Banjo-Kazooie Xbox 360 2008 Banjo-Kazooie: Nuts & Bolts
33%
Castlevania TurboGrafx 16 1993 Castlevania: Rondo Of Blood
33%
Donkey Kong SNES 1995 Donkey Kong Country 2: Diddy's Kong Quest
33%
Donkey Kong SNES 1996 Donkey Kong Country 3: Dixie Kong's Double Trouble
33%
Donkey Kong GameCube 2004 Donkey Kong Jungle Beat
33%
Fire Emblem GameCube 2005 Fire Emblem: Path Of Radiance
33%
Fire Emblem NES 1990 Fire Emblem: Shadow Dragon And The Blade Of Light
33%
F-Zero Nintendo 64 1998 F-Zero X
33%
Kingdom Hearts 3DS 2012 Kingdom Hearts 3D: Dream Drop Distance
33%
Kingdom Hearts GBA 2004 Kingdom Hearts: Chain Of Memories
33%
Kirby Switch 2018 Kirby Star Allies
33%
Kirby SNES 1996 Kirby Super Star
33%
Kirby GBA 2004 Kirby & The Amazing Mirror
33%
Kirby 3DS 2012 Kirby: Triple Deluxe
33%
Metroid GBA 2002 Metroid Fusion
33%
Sonic The Hedgehog PS2 2005 Shadow The Hedgehog
33%
Sonic The Hedgehog Microsoft Windows 2017 Sonic Forces
33%
Sonic The Hedgehog Microsoft Windows 2011 Sonic Generations
33%
Sonic The Hedgehog DS 2005 Sonic Rush
33%
Sonic The Hedgehog CD 1993 Sonic The Hedgehog CD
33%
Robot NES 1985 Stack-Up
33%
Star Fox GameCube 2002 Star Fox Adventures
33%
Star Fox GameCube 2005 Star Fox: Assault
33%
Punch-Out!! Arcade 1984 Super Punch-Out!!
33%
WarioWare DS 2009 WarioWare D.I.Y.
33%
WarioWare Switch 2021 WarioWare: Get It Together!
33%
WarioWare 3DS 2018 WarioWare Gold
33%
WarioWare Wii 2006 WarioWare: Smooth Moves
33%
WarioWare DS 2006 WarioWare: Touched!
33%
Wii Sports Wii U 2013 Wii Sports Club
33%
Yoshi DS 2006 Yoshi's Island DS
33%
Animal Crossing DS 2005 Animal Crossing: Wild World
25%
Castlevania PlayStation 1997 Castlevania: Symphony Of The Night
25%
Fire Emblem Wii 2007 Fire Emblem: Radiant Dawn
25%
F-Zero GBA 2004 F-Zero Climax
25%
Robot NES 1985 Gyromite
25%
Kid Icarus Game Boy 1991 Kid Icarus: Of Myths And Monsters
25%
Kingdom Hearts DS 2009 Kingdom Hearts 358/2 Days
25%
Kingdom Hearts PSP 2010 Kingdom Hearts Birth By Sleep
25%
Kirby DS 2006 Kirby: Squeak Squad
25%
Metroid Wii 2010 Metroid: Other M
25%
Metroid 3DS 2016 Metroid Prime: Federation Force
25%
Metroid DS 2006 Metroid Prime Hunters
25%
Sonic The Hedgehog GBA 2001 Sonic Advance
25%
Sonic The Hedgehog GBA 2002 Sonic Advance 2
25%
Sonic The Hedgehog GBA 2004 Sonic Advance 3
25%
Sonic The Hedgehog DS 2010 Sonic Colors
25%
Sonic The Hedgehog PS2 2003 Sonic Heroes
25%
Sonic The Hedgehog 3DS 2013 Sonic Lost World
25%
Sonic The Hedgehog PS2 2008 Sonic Unleashed
25%
Star Fox DS 2006 Star Fox Command
25%
Street Fighter Arcade 1995 Street Fighter Alpha
25%
Street Fighter Arcade 1996 Street Fighter Alpha 2
25%
Street Fighter Arcade 1998 Street Fighter Alpha 3
25%
WarioWare DSiWare 2008 WarioWare: Snapped!
25%
WarioWare GBA 2004 WarioWare: Twisted!
25%
Yoshi 3DS 2014 Yoshi's New Island
25%
Yoshi GBA 2004 Yoshi Topsy-Turvy
25%
Yoshi DS 2005 Yoshi Touch & Go
25%
Banjo-Kazooie GBA 2003 Banjo-Kazooie: Grunty's Revenge
17%
Fire Emblem GBA 2002 Fire Emblem: The Binding Blade
17%
Fire Emblem GBA 2003 Fire Emblem: The Blazing Blade
17%
Fire Emblem SNES 1999 Fire Emblem: Thracia 776
17%
F-Zero GBA 2003 F-Zero: GP Legend
17%
F-Zero GBA 2001 F-Zero: Maximum Velocity
17%
Sonic The Hedgehog Genesis 1996 Sonic 3D Blast
17%
Sonic The Hedgehog Master System 1993 Sonic Chaos
17%
Sonic The Hedgehog DS 2007 Sonic Rush Adventure
17%
Castlevania GBA 2003 Castlevania: Aria Of Shadow
8%
Castlevania Genesis 1994 Castlevania: Bloodlines
8%
Castlevania Game Boy 1997 Castlevania Legends
8%
Castlevania Game Boy 1989 Castlevania: The Adventure
8%
Fire Emblem SNES 1994 Fire Emblem: Mystery Of The Emblem
8%
Metal Gear Solid PSP 2010 Metal Gear Solid: Peace Walker
8%
Sonic The Hedgehog Game Gear 1996 Sonic Blast
8%
Sonic The Hedgehog Neo Geo Pocket Color 1999 Sonic The Hedgehog Pocket Adventure
8%
Sonic The Hedgehog Game Gear 1994 Sonic The Hedgehog: Triple Trouble
8%
Castlevania GBA 2001 Castlevania: Circle Of The Moon
0%
Castlevania PS2 2004 Castlevania: Curse Of Darkness
0%
Castlevania DS 2005 Castlevania: Dawn Of Sorrow
0%
Castlevania SNES 1995 Castlevania: Dracula X
0%
Castlevania GBA 2002 Castlevania: Harmony Of Dissonance
0%
Castlevania PS2 2003 Castlevania: Lament Of Innocence
0%
Castlevania Nintendo 64 1999 Castlevania: Legacy Of Darkness
0%
Castlevania DS 2008 Castlevania: Order Of Ecclesia
0%
Castlevania DS 2006 Castlevania: Portrait Of Ruin
0%
Fatal Fury Hyper Neo Geo 64 1999 Fatal Fury: Wild Ambition
0%
Fire Emblem NES 1992 Fire Emblem Gaiden
0%
Fire Emblem SNES 1996 Fire Emblem: Genealogy Of The Holy War
0%
Fire Emblem GBA 2004 Fire Emblem: The Sacred Stones
0%
Game & Watch Gallery Game Boy 1995 Game Boy Gallery
0%
Fatal Fury Neo Geo 1999 Garou: Mark Of The Wolves
0%
Fatal Fury Neo Geo 1995 Real Bout Fatal Fury
0%
Fatal Fury Neo Geo 1998 Real Bout Fatal Fury 2: The Newcomers
0%
Fatal Fury Neo Geo 1997 Real Bout Fatal Fury Special
0%
No matching quizzes found
Score Distribution
Percent of People with Each Score
Percentile by Number Answered
Your Score History
You have not taken this quiz since the last reset